Znani Amerykanie po zdjęciach - Statystyki

Ogólne statystyki
  • Ten quiz został rozwiązany 297 razy
  • Średni wynik to 16 z 32
Statystyki odpowiedzi
Obrazkowy Odpowiedź % Poprawnych
Donald Trump
99%
Barack Obama
93%
Michael Jackson
90%
Leonardo DiCaprio
89%
Bill Gates
81%
Chuck Norris
76%
Brad Pitt
73%
Will Smith
72%
Beyonce
69%
Mark Zuckerberg
68%
Hillary Clinton
63%
Bill Clinton
58%
George Bush
57%
Tom Hanks
56%
Justin Timberlake
54%
Tom Cruise
54%
Michael Jordan
52%
Ronald Reagan
51%
Jeff Bezos
50%
Katy Perry
50%
Robert De Niro
44%
Harrison Ford
42%
Al Pacino
41%
Richard Nixon
32%
Joaquin Phoenix
30%
Gerald Ford
15%
Dave Grohl
9%
Andy Serkis
8%
Norman Reedus
8%
Dan Brown
6%
Franky Gee
2%
Jacek Ratajczak
2%
Nie znaleziono quizów pasujących do podanych kryteriów
Rozkład punktacji
Procent ludzi z każdym wynikiem
Percentyl według liczby udzielonych odpowiedzi
Twoja historia wyników
Nie rozwiązałeś tego quizu